The South African Law Reports (Record no. 1570)
[ view plain ]
| 000 -LEADER | |
|---|---|
| fixed length control field | 00431nam a22001577a 4500 |
| 005 - DATE AND TIME OF INPUT | |
| control field | 20240425084121.0 |
| 008 - DATA ELEMENTS--GENERAL INFORMATION | |
| fixed length control field | 240425b |||||||| |||| 00| 0 eng d |
| 022 ## - INTERNATIONAL STANDARD SERIAL NUMBER | |
| International Standard Serial Number | 02582503 |
| 041 ## - LANGUAGE CODE | |
| Language code of text | English |
| 082 ## - SHELF NUMBER | |
| DDC number | 349 LAW |
| 100 ## - MAIN AUTHOR | |
| Language of a work | English |
| 245 ## - TITLE STATEMENT | |
| Title | The South African Law Reports |
| 260 ## - PUBLICATION, DISTRIBUTION, ETC. | |
| Place of publication, distribution, etc. | Cape Town: |
| Name of publisher, distributor, etc. | Juta and Company Ltd, |
| Date of publication, distribution, etc. | 2020 |
| 650 ## - SUBJECT` | |
| Broad subject | Legal practice |
| Own subject terms | Law |
| 942 ## - ADDED ENTRY ELEMENTS (KOHA) | |
| Item type | Books |
| 942 ## - ADDED ENTRY ELEMENTS (KOHA) | |
| -- | ALISON_BN_VRIES |
| Source of classification or shelving scheme | Not for loan | Collection code | Home library | Current library | Shelving location | Date acquired | Full call number | Barcode | Price effective from | Koha item type |
|---|---|---|---|---|---|---|---|---|---|---|
| Dewey Decimal Classification | SERIES | LAW SOCIETY OF NAMIBIA LIBRARY - WINDHOEK | LAW SOCIETY OF NAMIBIA LIBRARY - WINDHOEK | The South African Law Journal | 04/25/2024 | 349 SOU | LSN/2023/1491 | 04/25/2024 | Books | |
| Dewey Decimal Classification | SERIES | LAW SOCIETY OF NAMIBIA LIBRARY - WINDHOEK | LAW SOCIETY OF NAMIBIA LIBRARY - WINDHOEK | The South African Law Journal | 04/25/2024 | 349 SOU | LSN/2023/1490 | 04/25/2024 | Books | |
| Dewey Decimal Classification | SERIES | LAW SOCIETY OF NAMIBIA LIBRARY - WINDHOEK | LAW SOCIETY OF NAMIBIA LIBRARY - WINDHOEK | The South African Law Journal | 04/25/2024 | 349 SOU | LSN/2023/1489 | 04/25/2024 | Books | |
| Dewey Decimal Classification | SERIES | LAW SOCIETY OF NAMIBIA LIBRARY - WINDHOEK | LAW SOCIETY OF NAMIBIA LIBRARY - WINDHOEK | The South African Law Journal | 04/25/2024 | 349 SOU | LSN/2023/1488 | 04/25/2024 | Books |
